000 00531nam a2200181 4500
005 20260506110730.0
008 260506b |||||||| |||| 00| 0 eng d
020 _a9780747587286
_qpbk
041 _aeng
082 _a341.23090511 TRA
100 _aTraub,James
245 _aThe Best Intentions:
_b Kofi Annan and the UN in the Era of American World Power
_cJames Traub
260 _aGreat Britain
_bBloomsbury publishing
_c2007
300 _a442p. :
_c15cm
504 _aindex
650 _aLaw of nations
942 _cENGLISH
999 _c622603
_d622603